|
|
|
|
| LEADER |
03308nam a22004575i 4500 |
| 001 |
978-3-540-28423-9 |
| 003 |
DE-He213 |
| 005 |
20151204181335.0 |
| 007 |
cr nn 008mamaa |
| 008 |
100301s2006 gw | s |||| 0|eng d |
| 020 |
|
|
|a 9783540284239
|9 978-3-540-28423-9
|
| 024 |
7 |
|
|a 10.1007/3-540-28423-0
|2 doi
|
| 040 |
|
|
|d GrThAP
|
| 050 |
|
4 |
|a QK710-899
|
| 072 |
|
7 |
|a PSTD
|2 bicssc
|
| 072 |
|
7 |
|a SCI011000
|2 bisacsh
|
| 072 |
|
7 |
|a SCI056000
|2 bisacsh
|
| 082 |
0 |
4 |
|a 571.2
|2 23
|
| 100 |
1 |
|
|a Kelly, Grahame J.
|e author.
|
| 245 |
1 |
0 |
|a Thirty Years of Photosynthesis 1974–2004
|h [electronic resource] /
|c by Grahame J. Kelly, Erwin Latzko.
|
| 264 |
|
1 |
|a Berlin, Heidelberg :
|b Springer Berlin Heidelberg,
|c 2006.
|
| 300 |
|
|
|a XIX, 414 p.
|b online resource.
|
| 336 |
|
|
|a text
|b txt
|2 rdacontent
|
| 337 |
|
|
|a computer
|b c
|2 rdamedia
|
| 338 |
|
|
|a online resource
|b cr
|2 rdacarrier
|
| 347 |
|
|
|a text file
|b PDF
|2 rda
|
| 505 |
0 |
|
|a Photosynthesis Carbon Metabolism -- Photosynthesis. Biochemical and Physiological Aspects of Carbon Metabolism -- Photosynthesis Control of Carbon Metabolism Through Enzyme Regulation and Membrane-Mediated Metabolite Transport -- Photosynthesis Carbon Metabolism: Chloroplast Capability and the Uncertain Fate of CO2 -- Photosynthesis Carbon Metabolism: The Profound Effects of Illumination on the Metabolism of Photosynthetic Cells -- Photosynthesis. Carbon Metabolism: On Land and at Sea -- Photosynthesis: Carbon Metabolism: By Day and by Night -- Photosynthesis. Carbon Metabolism: New Regulators of CO2 Fixation, the New Importance of Pyrophosphate, and the Old Problem of Oxygen Involvement Revisited -- Photosynthesis. Carbon Metabolism: On Regulation at the Cellular Level and at the Whole Plant Level, and Some Considerations Concerning the Interactions of These Regulatory Events with the Increasing Level of Atmospheric CO2 -- Photosynthesis: Carbon Metabolism Twenty Years of Following Carbon Cycles in Photosynthetic Cells -- Photosynthesis Carbon Metabolism: The Chloroplast’s Sesquicentenary, and Some Thoughts on the Limits to Plant Productivity -- Photosynthesis. Carbon Metabolism: The Carbon Metabolisms of Unstressed and Stressed Plants -- Photosynthesis. Carbon Metabolism: In and Beyond the Chloroplast -- Photosynthesis: Carbon Metabolism from DNA to Deoxyribose -- Photosynthesis. Carbon Metabolism: Quantification and Manipulation -- Photosynthesis. Carbon Metabolism: The Calvin Cycle’s Golden Jubilee.
|
| 520 |
|
|
|a This is a reader that gives a complete overview of the history of photosynthesic carbon metabolism research up to the very latest state of the art. It is a collection of 16 reviews written over 30 years, and therefore offers the unique opportunity to follow the history of any particular topic as it took place.
|
| 650 |
|
0 |
|a Life sciences.
|
| 650 |
|
0 |
|a Plant biochemistry.
|
| 650 |
|
0 |
|a Plant physiology.
|
| 650 |
1 |
4 |
|a Life Sciences.
|
| 650 |
2 |
4 |
|a Plant Physiology.
|
| 650 |
2 |
4 |
|a Plant Biochemistry.
|
| 700 |
1 |
|
|a Latzko, Erwin.
|e author.
|
| 710 |
2 |
|
|a SpringerLink (Online service)
|
| 773 |
0 |
|
|t Springer eBooks
|
| 776 |
0 |
8 |
|i Printed edition:
|z 9783540283829
|
| 856 |
4 |
0 |
|u http://dx.doi.org/10.1007/3-540-28423-0
|z Full Text via HEAL-Link
|
| 912 |
|
|
|a ZDB-2-SBL
|
| 950 |
|
|
|a Biomedical and Life Sciences (Springer-11642)
|